000 00289nam a22001337a 4500
008 170527b xxu||||| |||| 00| 0 eng d
020 _a0130548170
041 _aeng
080 _a621
100 _a27
101 _aIM
245 _aAUTOMATIC CONTROL SYSTEMS
_cKUO, B.C
942 _2udc
_cBK
999 _c14623
_d14623